MARC

LEADER 00000nab a2200000 a 4500
001 vtls000060118
003 SK-MaSNL
005 20260304001119.0
008 111103c1980 xo 0 slo
015 |a SNBRB19rr/mm-uuuuu 
035 |a CL0070218 
040 |a SNKBUCL  |b slo  |c SNKBUCL  |e AACR2 
041 0 |a slo 
044 |a xo  |c SK 
080 |a 82.09:82:03:820 (73)(048)  |2 1981 
080 |a 82  |2 1981 
080 |a 03  |2 1981 
080 |a 820 (73)(048)  |2 1981 
100 1 |a Jurík, Ľuboš,  |d 1947-2021  |4 aut  |9 98669 
245 1 0 |a Slovník spisovateľov  |c Luboš Jurík 
650 0 7 |a americká literatúra  |2 snkbucl  |9 1170 
650 0 7 |a americkí spisovatelia  |2 snkbucl  |9 82945 
650 0 7 |a slovníky literárne  |2 snkbucl  |9 1003324 
655 7 |a články z novín a časopisov  |2 snkbucl  |9 267496 
655 7 |a články z odboru literárna veda a krásna literatúra  |2 snkbucl  |9 770045 
773 0 |t Nové slovo  |g Roč. 22, č. 21 (1980), s. 20 
787 0 8 |i Rec.:  |t Slovník spisovatelů USA  |d Praha : Odeon 
850 |a Slovenská národná knižnica v Martine  |a MTA001 
852 |a SNK  |b KIS3GCP 
958 |a RK 
958 |a LX 
992 |a RBX 
999 |c 2534749  |d 2536679